The graveyard book /

Nobody Owens is a normal boy, except that he has been raised by ghosts and other denizens of the graveyard.

Bibliographic Details
Main Author: Gaiman, Neil
Other Authors: McKean, Dave (Illustrator)
Format: Book
Language:English
Published: New York : HarperCollins, [2008]
Edition:1st ed.
Subjects:

MARC

Tag First Indicator Second Indicator Subfields
LEADER 00000cam a22000004a 4500
001 in00002425355
008 080507s2008 nyua c 000 1 eng
005 20240705223251.3
010 |a  2008013860 
020 |a 9780060530921 (trade bdg.) 
020 |a 0060530928 (trade bdg.) 
020 |a 9780060530938 (lib bdg.) 
020 |a 0060530936 (lib bdg.) 
035 |a (OCoLC)ocn179806700 
040 |a DLC  |c DLC  |d TXA  |d UtOrBLW 
042 |a lcac 
049 |a TXAM 
050 0 0 |a PZ7.G1273  |b Gr 2008 
082 0 0 |a [Fic]  |2 22 
090 |a PR6057.A319  |b G73 2008 
100 1 |a Gaiman, Neil. 
245 1 4 |a The graveyard book /  |c Neil Gaiman ; with illustrations by Dave McKean. 
250 |a 1st ed. 
264 1 |a New York :  |b HarperCollins,  |c [2008] 
264 4 |c ©2008 
300 |a 312 pages :  |b illustrations ;  |c 22 cm. 
336 |a text  |b txt  |2 rdacontent 
337 |a unmediated  |b n  |2 rdamedia 
338 |a volume  |b nc  |2 rdacarrier 
520 |a Nobody Owens is a normal boy, except that he has been raised by ghosts and other denizens of the graveyard. 
586 |a American Library Association Notable Children's Bk 
586 |a Newbery Medal, 2009 
586 |a Carnegie Medal/UK 2010 
650 0 |a Dead  |v Juvenile fiction. 
650 0 |a Paranormal fiction. 
650 0 |a Cemeteries  |v Juvenile fiction. 
650 1 |a Dead  |v Fiction. 
650 1 |a Supernatural  |v Fiction. 
650 1 |a Cemeteries  |v Fiction. 
700 1 |a McKean, Dave,  |e illustrator. 
948 |a cataloged  |b h  |c 2008/10/17  |d c  |e ceaton  |f 8:23:27 am 
994 |a C0  |b TXA 
999 |a MARS 
999 f f |s d917ed9b-4acb-3d7a-bd7e-841d1fe9d11f  |i c1e02ac5-ea87-346a-8626-fd72c4a79bdd  |t 0 
952 f f |p noncirc  |a Texas A&M University  |b College Station  |c Cushing Memorial Library & Archives  |s cush scif  |d Cushing: Science Fiction (Does not check out)  |t 0  |e PR6057.A319 G73 2008  |h Library of Congress classification  |i unmediated -- volume  |m A14853433918 
952 f f |p normal  |a Texas A&M University  |b College Station  |c Sterling C. Evans Library  |s Evans curr  |d Evans: Curriculum Collection (4th floor)  |t 0  |e PR6057.A319 G73 2008  |h Library of Congress classification  |i unmediated -- volume  |m A14813738706 
952 f f |p noncirc  |a Texas A&M University  |b College Station  |c Cushing Memorial Library & Archives  |s cush scif  |d Cushing: Science Fiction (Does not check out)  |t 0  |e PR6057.A319 G73 2008  |h Library of Congress classification  |i unmediated -- volume  |m A14853081917 
952 f f |p normal  |a Texas A&M University  |b College Station  |c Sterling C. Evans Library  |s Evans stk  |d Evans: Library Stacks  |t 0  |e PR6057.A319 G73 2008  |h Library of Congress classification  |i unmediated -- volume  |m A14837364822 
998 f f |a PR6057.A319 G73 2008  |t 0  |l Evans: Library Stacks 
998 f f |a PR6057.A319 G73 2008  |t 0  |l Evans: Curriculum Collection (4th floor) 
998 f f |a PR6057.A319 G73 2008  |t 0  |l Cushing: Science Fiction (Does not check out) 
998 f f |a PR6057.A319 G73 2008  |t 0  |l Cushing: Science Fiction (Does not check out)